| 000 | 01319nam a2200241Ia 4500 | ||
|---|---|---|---|
| 003 | Ost | ||
| 005 | 20260507075654.0 | ||
| 008 | 260507s9999||||xx |||||||||||||| ||und|| | ||
| 020 | _a995738001X | ||
| 040 | _cfsecg | ||
| 041 | _aara | ||
| 082 | _a659.2 | ||
| 100 |
_aالحليمي، عبد الرزاق _eمؤلف |
||
| 245 | 0 |
_aالعلاقات العامة والعولمة / _c عبد الرزاق الحليمي |
|
| 260 |
_aعمان: _bدار جرير للنشر, _c2004 |
||
| 300 |
_a176 صفحة؛ _bإيضاحات ؛ _c24 سم |
||
| 504 | _aالمراجع ص.167 | ||
| 520 | _aأهمية العلاقات العامة، مراحل نشأة العلاقات العامة، الاطار العام لمواصفات العاملين بالعلاقات العامة، مفاهيم لها علاقة بالعلاقات العامة، الصورة الذهنية في العلاقات العامة، العلاقات العامة والدبلوماسية، العلاقات العامة والعولمة، العلاقات العامة في المجال الدولي، دور العلاقات العامة في المؤتمرات. | ||
| 653 | _aالاتصال الجماهيري | ||
| 653 | _aالعلاقات العامة | ||
| 653 | _aالعلاقات العامة- العولمة | ||
| 942 | _cكتاب | ||
| 999 |
_c45669 _d45669 |
||